000 00836nas a2200277 4500
001 BR2014006341
003 BR-BrBNA
005 20231205124605.0
007 ta
008 230509b bl.|||p| |||| 00| 00por d
040 _aBR-BrBNA
_bpor
_cBiblioteca Nacional de Agricultura
041 _a(Pt)
072 _aF04
100 1 _aCruz, S.C.S.
100 1 _aMachado, C.G.
100 1 _aSena Júnior, D.G. de
100 1 _aCruz, S.J.S.
245 1 _aAdubação potássica para o milho cultivado sob palhada de Capim Marandu
650 _aMILHO
650 _aPOTÁSSIO
650 _aPALHADA
650 _aZEA MAYS
773 0 _tRevista Brasileira de Engenharia Agrícola e Ambiental (Brazil)
_xISSN 1415-4366
_g(Jun 2014), V. 18(6) p. 603-606
_wBR2014006341
909 _a202311
_bLúcia
_c55
_dLúcia Elande
942 _2AGRIS
_n0
_cANA
999 _c239870
_d239870